| 000 | 01112nam a2200241 i 4500 | ||
|---|---|---|---|
| 001 | 164425 | ||
| 003 | ES-MaACL | ||
| 005 | 20250603164555.0 | ||
| 008 | 931025s1869 sp |||| | spa d | ||
| 080 | _a94(460)"1868/74" | ||
| 100 | 1 |
_aSalazar y Mazarredo, Eusebio de. _9132325 |
|
| 245 | 1 | 3 |
_aLa cuestión dinástica / _cpor D. Eusebio de Salazar y Mazarredo. |
| 260 |
_aMadrid : _b[s.n.], _c1869 ( _fImp. y estereotipia de M. Rivadeneyra) |
||
| 300 |
_a16 p. ; _c24 cm. |
||
| 530 | _aDisponible en formato digital. | ||
| 651 | 4 |
_aEspaña- _xHistoria- _y1868-1874, Sexenio revolucionario _98260 |
|
| 852 | 4 |
_aES-MaACL _jF-857-F _z- Enc. hol., falto de la enc. original _z- Enc. en un vol. facticio |
|
| 852 | 4 |
_aES-MaACL _jT-105-F-20 _z- Enc. hol., falto de la enc. original _z- Enc. en un vol. facticio |
|
| 852 | 4 |
_aES-MaACL _jT-93-F-12 _z- Enc. hol., falto de la enc. original _z- Enc. en un vol. facticio |
|
| 852 | 4 |
_aES-MaACL _jT-96-F-8 _z- Enc. en un vol. facticio |
|
| 856 | 4 |
_uhttp://bdh-rd.bne.es/viewer.vm?id=0000261731&page=1 _zBiblioteca Digital Hispánica |
|
| 999 |
_c164425 _d164425 |
||